[Event "Lone Pine op"]
[Site "Lone Pine"]
[Date "1979.??.??"]
[Round "1"]
[White "Reshevsky, Samuel Herman"]
[Black "Benjamin, Joel"]
[Result "1-0"]
[WhiteElo "2485"]
[BlackElo "2320"]

1.c4 Nf6 2.Nc3 g6 3.e4 d6 4.d4 Bg7 5.Be2 O-O 6.Nf3 e5 7.Be3 Qe7 8.dxe5 dxe5
9.Nd5 Nxd5 10.cxd5 Rd8 11.O-O c6 12.Bc4 b5 13.Bb3 Bb7 14.Ng5 c5 15.d6 Rxd6
16.Bxf7+ Kh8 17.Qf3 Rf6 18.Qh3 h6 19.Rad1 Nc6 20.Rd7 Bc8 21.Rxe7 Bxh3 22.Rc7 Rc8
23.Rxc6 Rcxc6 24.Bd5 Bd7 25.Nf7+ Kh7 26.Nxe5 Rc7 27.Nxd7 Rxd7 28.Bxc5 Ra6
29.b4 Ra3 30.h4 h5 31.Rd1 Kh8 32.Rd2 Rc3 33.f4 Rc1+ 34.Kh2 Bf6 35.g3 Kg7
36.Rf2 a6 37.f5 Rd1 38.fxg6 R1xd5 39.exd5 Rxd5 40.Re2 a5 41.a3 Kxg6 42.Be7 Bxe7
43.Rxe7 axb4 44.axb4 Kf6 45.Re4 Kf5 46.Rf4+ Kg6 47.Kg2 Rd2+ 48.Kf3 Rd3+ 49.Kf2 Rd2+
50.Ke3 Rg2 51.Kf3 Rd2 52.g4 hxg4+ 53.Rxg4+ Kf6 54.Ke4 Rd1 55.Rg5 Rh1 56.Rh5 Kg6
57.Rxb5 Rxh4+ 58.Kd5 Kf6 59.Rb7 Rh1 60.b5 Rd1+ 61.Kc6 Rc1+ 62.Kb6 Ke6 63.Rh7 Kd6
64.Kb7 Rb1 65.b6 Rb2 66.Rh6+ Kd7 67.Rh1 Rd2 68.Rc1 Rd3 69.Kb8 Rd2 70.b7 Rb2
71.Ra1 Kc6  1-0

[Event "Lone Pine op"]
[Site "Lone Pine"]
[Date "1979.??.??"]
[Round "2"]
[White "Benjamin, Joel"]
[Black "Watson, John L"]
[Result "1-0"]
[WhiteElo "2320"]
[BlackElo "2375"]

1.d4 Nf6 2.c4 c5 3.d5 e6 4.Nc3 exd5 5.cxd5 d6 6.e4 g6 7.Nf3 Bg7 8.Bg5 h6
9.Bh4 a6 10.Nd2 b5 11.Be2 O-O 12.Qc2 Qe7 13.O-O Re8 14.Rae1 g5 15.Bg3 Nbd7
16.a4 b4 17.Nd1 Ne5 18.Ne3 h5 19.h4 gxh4 20.Bxh4 Ng6 21.Bg3 h4 22.Bh2 h3
23.Bf3 Nh4 24.Nec4 Ng4 25.Bxd6 Qg5 26.g3 Qg6 27.Kh1 Nxf3 28.Nxf3 Bb7 29.Nh4 Qh7
30.f3 Nh6 31.Ne3 Rad8 32.Bf4 Bd4 33.Nef5 Nxf5 34.Nxf5 b3 35.Qd3 Bxb2 36.Qxb3 Bxd5
37.Qxb2 Rxe4 38.fxe4 Qxf5 39.Qe5  1-0

[Event "Lone Pine op"]
[Site "Lone Pine"]
[Date "1979.??.??"]
[Round "4"]
[White "Van Riemsdijk, Herman C"]
[Black "Benjamin, Joel"]
[Result "0-1"]
[WhiteElo "2435"]
[BlackElo "2320"]

1.e4 c6 2.d4 d5 3.Nc3 dxe4 4.Nxe4 Nf6 5.Nxf6+ gxf6 6.Ne2 Bf5 7.c3 Nd7 8.Ng3 Bg6
9.h4 h6 10.h5 Bh7 11.Bd3 Bxd3 12.Qxd3 Qc7 13.Be3 e6 14.O-O-O O-O-O 15.Ne2 Bd6
16.Qd2 Nb6 17.b3 Nd5 18.Kb2 Qa5 19.Bxh6 Ba3+ 20.Kb1 Rdg8 21.g3 Ne7 22.d5 Nxd5
23.Rh4 Rd8 24.Ra4 Qc5 25.b4 Nxb4 26.cxb4 Qf5+ 27.Qc2 Rxd1+ 28.Bc1 Bxc1 29.Qxf5 Bh6+  0-1

[Event "Lone Pine op"]
[Site "Lone Pine"]
[Date "1979.??.??"]
[Round "5"]
[White "Benjamin, Joel"]
[Black "Ligterink, Gert"]
[Result "0-1"]
[WhiteElo "2320"]
[BlackElo "2440"]

1.e4 c5 2.c3 e6 3.d4 d5 4.exd5 exd5 5.Nf3 a6 6.Be3 c4 7.b3 cxb3 8.axb3 Nc6
9.h3 Bd6 10.Bd3 Nf6 11.Nbd2 O-O 12.O-O Re8 13.Qc2 Bd7 14.Rae1 h6 15.Qb1 Rc8
16.Re2 Be6 17.Rc1 Qd7 18.Ree1 Bb8 19.b4 Bd6 20.Nh4 Na7 21.Nf5 Bb8 22.Nf1 Ne4
23.Bxe4 dxe4 24.N5g3 f5 25.Ne2 Nb5 26.Nd2 Qf7 27.Bf4 Bxf4 28.Nxf4 Nxc3 29.Qb2 Nd5
30.Nxd5 Bxd5 31.Rc5 b6 32.Rc3 Rxc3 33.Qxc3 f4 34.Qa3 Qg6 35.Nf1 e3 36.f3 Bxf3
37.Qa2+ Kh7 38.Nh2 Be4 39.Qe2 Rc8  0-1

[Event "Lone Pine op"]
[Site "Lone Pine"]
[Date "1979.??.??"]
[Round "6"]
[White "Benjamin, Joel"]
[Black "Gruenfeld, Yehuda"]
[Result "0-1"]
[WhiteElo "2320"]
[BlackElo "2430"]

1.e4 c5 2.Nf3 d6 3.Nc3 Nf6 4.e5 dxe5 5.Nxe5 a6 6.a4 Qc7 7.Nc4 Nc6 8.Be2 Be6
9.O-O g6 10.b3 Bg7 11.Bb2 O-O 12.f4 Rad8 13.Ne3 Nd4 14.Bc4 Bxc4 15.bxc4 e6
16.d3 Nh5 17.g3 f5 18.Rb1 Qd6 19.Ba3 Rf7 20.Qd2 g5 21.fxg5 Nxg3 22.hxg3 Qxg3+
23.Ng2 Be5 24.Rf4 Qxg5 25.Rbf1 Rg7 26.Bc1 Kh8 27.R1f2 Rdg8 28.Nd1 Bxf4 29.Qxf4 Qxf4
30.Bxf4 Rxg2+ 31.Rxg2 Ne2+ 32.Kf2 Rxg2+ 33.Kxg2 Nxf4+ 34.Kf3 Ng6 35.Nc3 Kg7
36.a5 Kf6 37.Na4 Ne5+ 38.Kf4 Nd7 39.Nc3 h5 40.Nb1 h4 41.Nd2 e5+ 42.Kf3 Kg5
43.Nb1 Nb8 44.Nc3 Nc6 45.Na4 Nd4+ 46.Kf2 Ne6 47.Nb6 f4 48.Kg2 Kf5 49.Nc8 Kg4
50.Ne7 f3+ 51.Kh2 Nf4 52.Kg1 h3 53.Ng8 Kg5  0-1

[Event "Lone Pine op"]
[Site "Lone Pine"]
[Date "1979.??.??"]
[Round "7"]
[White "Whitehead, Paul A"]
[Black "Benjamin, Joel"]
[Result "1/2-1/2"]
[WhiteElo "2365"]
[BlackElo "2320"]

1.e4 c6 2.d4 d5 3.e5 Bf5 4.h4 h5 5.Ne2 e6 6.Ng3 Bg6 7.c4 Be7 8.Qb3 dxc4 9.Qxb7 Nd7
10.Nc3 c5 11.Bxc4 cxd4 12.Bb5 dxc3 13.Bxd7+ Kf8 14.O-O Rb8 15.Qxa7 cxb2 16.Bxb2 Rxb2
17.Rac1 Rb8 18.Rfd1 Ra8 19.Qb7 Rb8  1/2-1/2

[Event "Lone Pine op"]
[Site "Lone Pine"]
[Date "1979.??.??"]
[Round "8"]
[White "Benjamin, Joel"]
[Black "Rind, Bruce"]
[Result "0-1"]
[WhiteElo "2320"]
[BlackElo "2410"]

1.e4 c5 2.Nf3 Nc6 3.Bb5 e6 4.O-O Nge7 5.b3 a6 6.Bxc6 Nxc6 7.Bb2 d6 8.d4 cxd4
9.Nxd4 Bd7 10.Re1 Qf6 11.c4 Be7 12.Qd2 Qg6 13.Nc3 O-O 14.Rad1 Rfd8 15.Nc2 Be8
16.f4 b5 17.cxb5 axb5 18.b4 d5 19.f5 Qh5 20.exd5 Nxb4 21.fxe6 fxe6 22.Nxb4 Bxb4
23.Qd4 Bd6 24.h3 exd5 25.Nxb5 Bf8 26.a4 Rac8 27.Rc1 Qg5 28.Nc7 Bf7 29.Nb5 Rc4
30.Qd1 Bh5 31.Qb3 Qd2 32.Bc3 Qd3 33.Qb2 Rxa4 34.Nc7 Bf7 35.Be5 Ba3 36.Qc2 Qxc2
37.Rxc2 Bg6 38.Rc6 Be4 39.Bxg7 Bd6 40.Bf6 Rd7 41.Nb5 Bg3 42.Rf1 Ra2 43.Rc8+ Kf7
44.Bh4+ Kg7 45.Bf6+ Kh6 46.Rf3 Bxf3 47.gxf3 Rb7 48.Nc3 Rc2 49.Rg8 Rbb2 50.Bg7+ Kh5
51.Ne2 Rb1+ 52.Kg2 Rxe2+ 53.Kxg3 Rg1+ 54.Kf4 Re7  0-1

[Event "Marshall op"]
[Site "New York"]
[Date "1979.??.??"]
[Round "1"]
[White "Fuster, Geza"]
[Black "Benjamin, Joel"]
[Result "1-0"]
[WhiteElo "2300"]
[BlackElo "2320"]

1.d4 Nf6 2.Nf3 g6 3.Bf4 Bg7 4.e3 O-O 5.h3 d6 6.Bc4 Nbd7 7.O-O Qe8 8.Bh2 e5
9.Bb3 Qe7 10.c4 b6 11.Nc3 Bb7 12.Re1 a6 13.Rc1 c5 14.dxe5 dxe5 15.e4 Rad8
16.Qe2 Ne8 17.Ba4 Nd6 18.Rcd1 Nb8 19.Nd5 Bxd5 20.exd5 f6 21.Nd2 g5 22.h4 h6
23.hxg5 hxg5 24.Bc2 Qf7 25.g4 Rfe8 26.Ne4 Bf8 27.Nxd6 Bxd6 28.Bf5 Kf8 29.Qe4 Kg7
30.Kg2 Rh8 31.Re3 Rh6 32.Rh3 Rxh3 33.Kxh3 b5 34.Kg2 Rh8 35.Bg3 Qb7 36.b3 Nd7
37.f3 Nb6 38.Bf2 Qc7 39.Rc1 b4 40.a3 bxa3 41.Ra1 Na8 42.Rxa3 Qb7 43.Be1 Nc7
44.Bg6 Rh6 45.Bh5 Qc8 46.Bc3 Qd7 47.Ra1 Qc8 48.Qe2 Qb7 49.Qb2 Rh8 50.Rh1 Qc8
51.Qc2 Rh6 52.Bf7 Qh8 53.Bh5 Qc8 54.Ba5 Na8 55.Rb1 Bc7 56.Bc3 Bd6 57.Qd3 Nb6
58.Ba5 Na8 59.Qe4 Qd7 60.Be1 Nb6 61.Bf2 Nc8 62.b4 Qc7 63.bxc5 Bxc5 64.Bxc5 Qxc5
65.Rb7+ Kh8 66.Rb8 Qc7 67.Ra8 Kg7 68.Rxa6 Nd6 69.Qe1 e4 70.Rc6 Qd7 71.Qa5 exf3+
72.Kxf3 Kh8 73.Qa8+ Kg7 74.Qb8 Rxh5 75.Rc7 Rh3+ 76.Kg2  1-0

[Event "Marshall op"]
[Site "New York"]
[Date "1979.??.??"]
[Round "2"]
[White "Benjamin, Joel"]
[Black "Zuckerman, Bernard"]
[Result "1/2-1/2"]
[WhiteElo "2320"]
[BlackElo "2480"]

1.e4 e5 2.Nf3 Nc6 3.Bb5 Bc5 4.O-O Nge7 5.c3 Bb6 6.d4 exd4 7.cxd4 d5 8.exd5 Nxd5
9.Ne5 O-O 10.Nxc6 bxc6 11.Bxc6 Rb8 12.Nc3 Ne7 13.Be4 Ba6 14.Re1 Bxd4 15.Qc2 f5
16.Bf3 Ng6 17.Qa4 Qh4 18.Be3 Bxe3 19.fxe3 Qxa4 20.Nxa4 Ne5 21.Bd5+ Kh8 22.Rec1 c6
23.Bb3 Rbe8 24.Nc5 Bc8 25.h3 Nd7 26.Nxd7 Bxd7 27.Rc3 Re7 28.Rd1 Rf6 29.Rd4 g6
30.Kf2 Kg7 31.Rc5 Be6 32.Rxc6 Bxb3 33.Rxf6 Kxf6 34.axb3 Rb7 35.b4 Rc7 36.Kf3 Rc2
37.Rd7 Rxb2 38.Rxh7 Rxb4 39.Rxa7 Rb2 40.Ra5 Rc2 41.Ra8 Rb2 42.Ra1 Rc2 43.Rf1 Kg5
44.Rf2 Rc1 45.Rb2 Rf1+ 46.Kg3 Re1 47.Kf2 Ra1 48.Rb6 Ra4 49.Kf3 Ra1 50.Rb2 Rf1+
51.Ke2 Rg1 52.Kf2 Ra1 53.Re2 Rb1 54.Re1 Rb4 55.Kf3 Ra4 56.Rg1 f4 57.h4+ Kf5
58.exf4 Ra3+ 59.Kf2 Kxf4 60.Re1 Ra2+  1/2-1/2

[Event "Marshall op"]
[Site "New York"]
[Date "1979.??.??"]
[Round "3"]
[White "La Rota, Fabio"]
[Black "Benjamin, Joel"]
[Result "1/2-1/2"]
[WhiteElo "2310"]
[BlackElo "2320"]

1.Nc3 d5 2.e4 c6 3.d4 dxe4 4.Nxe4 Nf6 5.Nxf6+ gxf6 6.c3 Bf5 7.Ne2 Nd7 8.Ng3 Bg6
9.f4 f5 10.d5 cxd5 11.Qxd5 Qc7 12.Be3 e6 13.Qd4 Rg8 14.Bb5 a6 15.Bxd7+ Qxd7
16.Qb6 Be7 17.O-O h5 18.Rad1 Qc6 19.Qxc6+ bxc6 20.Rf2 h4 21.Nf1 c5 22.Rd3 Rb8
23.Rfd2 Rb7 24.Kf2 f6 25.c4 Bf7 26.Rb3 Rxb3 27.axb3 e5 28.Rd1 Be6 29.Ra1 Bc8
30.Ra5 Bb7 31.g3 Bd6 32.fxe5 Bxe5 33.Bxc5 f4 34.gxf4 Bxf4 35.Ke1 Be5 36.Bf2 Rg2
37.Ke2 h3 38.Ke3 Kf7 39.Bg3 Bxg3 40.hxg3 Rxb2 41.Rh5 Rxb3+ 42.Kd4 Bc8 43.Ne3 Rb2
44.g4 h2 45.Nf1 Bxg4 46.Rxh2 Rxh2 47.Nxh2 Be2 48.c5 Ke6 49.Ke3 Bh5 50.Kd4 Be2
51.Ke3 Bb5 52.Kd4 Kf5 53.Nf3 Kf4 54.Nh4 a5 55.Ng6+ Kf5 56.Ne7+ Kg5 57.c6 a4
58.Kc3 Bxc6 59.Nxc6 f5 60.Nd4  1/2-1/2

[Event "Marshall op"]
[Site "New York"]
[Date "1979.??.??"]
[Round "4"]
[White "Benjamin, Joel"]
[Black "Kudrin, Sergey"]
[Result "1/2-1/2"]
[WhiteElo "2320"]
[BlackElo "2360"]

1.Nf3 Nf6 2.c4 e6 3.g3 b6 4.Bg2 Bb7 5.O-O d5 6.b3 Be7 7.Bb2 O-O 8.d3 c5 9.Nbd2 Nc6
10.a3 Qc7 11.Rc1 Rad8 12.cxd5 Nxd5 13.Ne4 Qb8 14.Qc2 e5 15.e3 h6 16.Rfd1 Kh8
17.Qb1 f5 18.Ned2 Bf6 19.Qa1 Nde7 20.Nc4 Ng6 21.a4 Rfe8 22.h4 Kh7 23.Bc3 Nh8
24.Qb2 Nf7 25.Qe2 Nd4 26.Nxd4 exd4 27.Bd2 dxe3 28.Bxe3 Bxg2 29.Kxg2 f4 30.gxf4 Qxf4
31.Bxf4 Rxe2 32.h5 Bg5 33.Bxg5 Nxg5 34.Re1 Rde8 35.Rxe2 Rxe2 36.a5 Ne6 37.axb6 axb6
38.Nxb6 Nf4+ 39.Kf3 Nxd3 40.Rc3 Re6 41.Rxd3 Rxb6 42.Rc3 Rb4 43.Kg3 g6  1/2-1/2

[Event "Marshall op"]
[Site "New York"]
[Date "1979.??.??"]
[Round "6"]
[White "Goodman, David SC"]
[Black "Benjamin, Joel"]
[Result "1/2-1/2"]
[WhiteElo "2340"]
[BlackElo "2320"]

1.d4 Nf6 2.c4 g6 3.Nc3 Bg7 4.e4 O-O 5.Be2 d6 6.Nf3 Bg4 7.h3 Bxf3 8.Bxf3 Nfd7
9.Be3 e5 10.d5 a5 11.O-O Na6 12.Be2 Nac5 13.Qd2 b6 14.Bd1 f5 15.exf5 gxf5
16.f3 f4 17.Bf2 e4 18.Nxe4 Nxe4 19.fxe4 Ne5 20.Rc1 Qf6 21.Bf3 Nxf3+ 22.gxf3 Qxb2
23.Qxb2 Bxb2 24.Rb1 Be5 25.a4 Kf7 26.Kh2 Rg8 27.Rg1 h5 28.Rxg8 Rxg8 29.Rg1 Rxg1
30.Kxg1 Ke7 31.Kf1 Kd7 32.Ke2 Kc8 33.Kd3 Kb7 34.Bd4 c5  1/2-1/2

[Event "Marshall op"]
[Site "New York"]
[Date "1979.??.??"]
[Round "7"]
[White "Benjamin, Joel"]
[Black "Shahade, Michael"]
[Result "0-1"]
[WhiteElo "2320"]
[BlackElo "2340"]

1.e4 c5 2.Nc3 Nc6 3.f4 g6 4.Nf3 Bg7 5.Bc4 e6 6.d3 Nge7 7.Bb3 d5 8.O-O O-O
9.Qe1 Nd4 10.Kh1 b6 11.f5 Nxb3 12.axb3 exf5 13.Bg5 f6 14.Bf4 g5 15.Nxg5 fxg5
16.Bxg5 fxe4 17.Qh4 Ng6 18.Bxd8 Rxf1+ 19.Rxf1 Nxh4 20.Bxh4 exd3 21.cxd3 d4
22.Nd5 Ba6 23.Rf3 Rf8 24.Nf6+ Bxf6 25.Rxf6 Rxf6 26.Bxf6 Bxd3 27.b4 Kf7 28.Be5 Ke6
29.Bb8 a5 30.bxa5 bxa5 31.Kg1 c4 32.Kf2 a4 33.Bf4 Kd5 34.Bd2 Ke4 35.Bb4 Kd5
36.Ke1 Be4 37.Kd2 c3+ 38.bxc3 Kc4 39.g4 d3 40.Be7 Kb3 41.h4 a3 42.c4 a2 43.Bf6 Kxc4
44.g5 Kd5 45.h5 Ke6 46.h6 Kf5 47.Ke3 Kg4 48.Kd2 Kf4 49.Bg7 Kxg5 50.Ke3 Bg6
51.Kd2 a1=Q 52.Bxa1 Kxh6 53.Ke3 Kg5  0-1

[Event "Marshall op"]
[Site "New York"]
[Date "1979.??.??"]
[Round "8"]
[White "Gruchacz, Robert"]
[Black "Benjamin, Joel"]
[Result "1/2-1/2"]
[WhiteElo "2355"]
[BlackElo "2320"]

1.e4 e5 2.Nf3 Nc6 3.Bb5 a6 4.Bxc6 dxc6 5.O-O f6 6.d4 exd4 7.Nxd4 c5 8.Nb3 Qxd1
9.Rxd1 Bg4 10.f3 Bd7 11.Be3 b6 12.Nc3 O-O-O 13.Nd5 Ne7 14.c4 Ng6 15.Rac1 Be6
16.Nd2 Kb7 17.b3 a5 18.a4 Bd6 19.Nf1 c6 20.Nc3 Be5 21.Ne2 f5 22.f4 Bb2 23.Rb1 Rxd1
24.Rxd1 fxe4 25.Rd2 Ba1 26.Nfg3 Ne7 27.Nxe4 Nf5 28.Bxc5 Re8 29.Bd4 Bxd4+
30.Nxd4 Kc7 31.Nxe6+ Rxe6 32.Ng5 Re3 33.Nxh7 Rxb3 34.Ng5 c5 35.Ne6+ Kc6 36.Nd8+ Kc7
37.Ne6+ Kc6 38.g4 Ne3 39.Nd8+ Kc7 40.Ne6+ Kc6 41.g5 Nxc4 42.Nd8+ Kc7 43.Ne6+ Kc6
44.Nd8+  1/2-1/2

[Event "Marshall op"]
[Site "New York"]
[Date "1979.??.??"]
[Round "9"]
[White "Benjamin, Joel"]
[Black "Popovych, Orest"]
[Result "1/2-1/2"]
[WhiteElo "2320"]
[BlackElo "2365"]

1.e4 c5 2.Nc3 d6 3.Nf3 a6 4.d4 cxd4 5.Nxd4 Nf6 6.Be3 e5 7.Nb3 Be6 8.Qd2 Nbd7
9.f3 b5 10.g4 Nb6 11.g5 Nfd7 12.Nd5 Bxd5 13.exd5 Be7 14.Na5 Rc8 15.Nc6 Qc7
16.c3 Nxd5 17.Qxd5 Qxc6 18.Qxc6 Rxc6 19.a4 bxa4 20.Rxa4 O-O 21.Kd2 Rb8 22.Kc2 Nc5
23.Bxc5 dxc5 24.h4 Rcb6 25.Ra2 h6 26.gxh6 Rxh6 27.Rxa6 Rxh4 28.Rxh4 Bxh4
29.Bc4 Rb7 30.Rc6 Bf2 31.Kd3 Kh7 32.b3 Ra7 33.Ke4 Re7 34.Kd3 Bg1 35.Ke2 Ra7
36.Kf1 Ra1+ 37.Ke2 f6 38.Bd5 Kh6 39.Rc7 g6 40.Rc8 Kg5 41.Rg8 f5 42.Bf7 Ra6
43.Be8 e4 44.fxe4 fxe4 45.Ba4 c4 46.Re8 cxb3 47.Bxb3 e3 48.Re5+ Kf6  1/2-1/2

[Event "Marshall op"]
[Site "New York"]
[Date "1979.??.??"]
[Round "10"]
[White "Chandler, Murray G"]
[Black "Benjamin, Joel"]
[Result "1/2-1/2"]
[WhiteElo "2380"]
[BlackElo "2320"]

1.e4 e5 2.Nf3 Nc6 3.Bb5 a6 4.Ba4 d6 5.d4 Bd7 6.Bxc6 Bxc6 7.Nc3 Nf6 8.Bg5 h6
9.Bxf6 Qxf6 10.Nd5 Bxd5 11.exd5 Qg6 12.dxe5 Qxg2 13.Rg1 Qh3 14.Qe2 O-O-O
15.O-O-O dxe5 16.Rg3 Qf5 17.Qxe5 Qd7 18.Qd4 Bd6 19.Rxg7 Qf5 20.Qg4 Qxg4 21.Rxg4 Rhe8
22.Rd2 f5 23.Rh4 Re4 24.Kd1 Bf4 25.Rd3 Rg8 26.Rh5 Rg2 27.Rxf5 Rxf2 28.Nd2 Re5
29.Rf7 Rxd2+ 30.Rxd2 Bxd2 31.Kxd2 Rxd5+ 32.Kc3 Rh5  1/2-1/2

[Event "Wch U20"]
[Site "Dortmund"]
[Date "1980.??.??"]
[Round "3"]
[White "Danailov, Silvio"]
[Black "Benjamin, Joel"]
[Result "1/2-1/2"]
[WhiteElo "2295"]
[BlackElo "2350"]

1.Nf3 g6 2.e4 Bg7 3.d4 d6 4.Nc3 Nf6 5.Be2 O-O 6.O-O Nc6 7.d5 Nb8 8.Re1 e5
9.dxe6 Bxe6 10.Nd4 Bd7 11.Be3 Re8 12.Bf3 Nc6 13.h3 a6 14.Nxc6 bxc6 15.Qd2 Rb8
16.Rab1 Be6 17.Bg5 Qc8 18.e5 dxe5 19.Rxe5 Nd5 20.Nxd5 cxd5 21.Ree1 c6 22.c3 a5
23.b3 Qa6 24.Bf4 Rbd8 25.Bc7 Rc8 26.Bf4 a4 27.Rbc1 axb3 28.axb3 Qa3 29.b4 c5
30.bxc5 Qxc5  1/2-1/2

[Event "Wch U20"]
[Site "Dortmund"]
[Date "1980.??.??"]
[Round "8"]
[White "Short, Nigel D"]
[Black "Benjamin, Joel"]
[Result "1-0"]
[WhiteElo "2360"]
[BlackElo "2350"]

1.e4 Nf6 2.e5 Nd5 3.d4 d6 4.Nf3 Bg4 5.Be2 c6 6.Ng5 Bf5 7.a3 h6 8.Nf3 dxe5
9.dxe5 e6 10.c4 Ne7 11.Nd4 Nd7 12.f4 Qb6 13.Nc3 Nc5 14.Be3 Rd8 15.b4 Nd3+
16.Bxd3 Rxd4 17.Qe2 Bxd3 18.Qd2 Nf5 19.Bxd4 Qxd4 20.O-O-O Be7 21.g3 Ne3 22.Qxd3 Qxd3
23.Rxd3 Nxc4 24.Kc2 Nb6 25.Kb3 O-O 26.a4 Rc8 27.a5 Nd5 28.Nxd5 exd5 29.Rc1 Rb8
30.b5 Bd8 31.Ka4 Be7 32.bxc6 bxc6 33.Rb3 Rxb3 34.Kxb3 c5 35.Rd1  1-0

[Event "Wch U20"]
[Site "Dortmund"]
[Date "1980.??.??"]
[Round "9"]
[White "Benjamin, Joel"]
[Black "Zueger, Beat"]
[Result "1/2-1/2"]
[WhiteElo "2350"]
[BlackElo "2235"]

1.e4 c5 2.Nc3 Nc6 3.f4 g6 4.Nf3 Bg7 5.Bb5 Nd4 6.O-O Nxb5 7.Nxb5 Nh6 8.d3 f5
9.a4 O-O 10.Qe1 b6 11.e5 Bb7 12.Bd2 Bc6 13.Qh4 a6 14.Nc3 Nf7 15.Kh1 e6 16.Qf2 d6
17.exd6 Qxd6 18.Be3 e5 19.Nd2 Qd8 20.Nc4 exf4 21.Bxf4 b5 22.axb5 axb5 23.Rxa8 Qxa8
24.Nd6 Bd4 25.Qd2 Nxd6 26.Bxd6 Re8 27.Nd1 Re6 28.Bg3 Qe8 29.Re1 b4  1/2-1/2

[Event "Lone Pine"]
[Site "Lone Pine"]
[Date "1980.??.??"]
[Round "2"]
[White "Benjamin, Joel"]
[Black "Geller, Efim P"]
[Result "0-1"]
[WhiteElo "2350"]
[BlackElo "2565"]

1.e4 c5 2.Nc3 Nc6 3.f4 g6 4.Nf3 Bg7 5.Bb5 Nd4 6.Bd3 e6 7.Nxd4 cxd4 8.Nb5 d6
9.c3 Nf6 10.Nxd4 e5 11.Ne2 O-O 12.O-O d5 13.fxe5 Nxe4 14.Bc2 Bxe5 15.d4 Bg7
16.Nf4 b6 17.Qf3 Bb7 18.Be3 Qd7 19.Rae1 Rae8 20.Bb3 Re7 21.Bc1 Rfe8 22.Re3 h5
23.Rfe1 Bh6 24.R3e2 Kg7 25.Bc2 Ba6 26.Nxd5 Bxe2 27.Bxh6+ Kxh6 28.Qe3+ Ng5
29.Nxe7 Rxe7 30.Qf4 Bg4 31.Rxe7 Qxe7 32.h3 Qe1+ 33.Kh2 Qe2 34.h4 Qxc2 35.hxg5+ Kg7
36.Qf6+ Kg8 37.Qd8+ Kh7 38.Qe7 Qf2 39.d5 h4 40.Qe4 Qg3+ 41.Kg1 h3 42.c4 Bf5
43.Qf3 Qxf3 44.gxf3 Kg7 45.b4 Kf8 46.c5 bxc5 47.bxc5 Ke7 48.Kh2 Kd7 49.a3 Kc7  0-1

[Event "Lone Pine"]
[Site "Lone Pine"]
[Date "1980.??.??"]
[Round "5"]
[White "Benjamin, Joel"]
[Black "Youngworth, Perry"]
[Result "1/2-1/2"]
[WhiteElo "2350"]
[BlackElo "2290"]

1.d4 Nf6 2.c4 e6 3.Nc3 Bb4 4.e3 O-O 5.Bd3 c5 6.Nf3 d5 7.O-O dxc4 8.Bxc4 Bd7
9.Qe2 Bc6 10.Rd1 Bxc3 11.bxc3 Qa5 12.Bb2 Rc8 13.Ne5 Ba4 14.Rf1 cxd4 15.cxd4 Nc6
16.f4 Nxe5 17.fxe5 Ne4 18.Rxf7 Rxc4 19.Qxc4 Kxf7 20.Rf1+ Kg8 21.Qxe6+ Kh8
22.Qf7 Rg8 23.Ba3 h6 24.Bf8 Bb5  1/2-1/2

[Event "Lone Pine"]
[Site "Lone Pine"]
[Date "1980.??.??"]
[Round "6"]
[White "Bisguier, Arthur Bernard"]
[Black "Benjamin, Joel"]
[Result "1/2-1/2"]
[WhiteElo "2455"]
[BlackElo "2350"]

1.d4 Nf6 2.Nf3 g6 3.c4 c5 4.Nc3 Bg7 5.e4 O-O 6.Be2 d6 7.O-O Na6 8.b3 Bg4
9.Bb2 Nd7 10.d5 Nc7 11.Qd2 a6 12.Nd1 Bxb2 13.Nxb2 Bxf3 14.Bxf3 b5 15.Nd1 Rb8
16.Ne3 Rb6 17.Bg4 Nf6 18.Qc2 Nxg4 19.Nxg4 e5 20.f4 Qh4 21.h3 h5 22.Nh2 exf4
23.Qd2 Qf6 24.Qxf4 Qxf4 25.Rxf4 bxc4 26.bxc4 Rb4 27.Rc1 f5 28.Nf3 fxe4 29.Rxf8+ Kxf8
30.Nd2 e3 31.Nb3 Na8 32.Rf1+ Kg7 33.Re1 Rxc4 34.Rxe3 Rf4 35.Na5 Nb6 36.Nb7 Rf6
37.Ra3 Nxd5 38.Rxa6 Nb4 39.Rxd6 Rxd6 40.Nxd6 Nxa2 41.Kf2 Nb4 42.Ke3 Nd5+
43.Ke4 Nf6+ 44.Ke5 h4 45.Ke6 Nh5 46.Ke5 Kf8 47.Ne4 c4 48.Nc3 Kg7 49.Nd5 Kh6
50.Ne3 c3 51.Kd4 Kg5 52.Kxc3 Kf4 53.Kd2 Kg3 54.Ke2 Nf4+ 55.Kf1  1/2-1/2

[Event "New York MCC"]
[Site "New York"]
[Date "1980.??.??"]
[Round "4"]
[White "Valvo, Michael J"]
[Black "Benjamin, Joel"]
[Result "0-1"]
[WhiteElo "2465"]
[BlackElo "2350"]

1.c4 Nf6 2.Nc3 g6 3.Nf3 Bg7 4.e4 d6 5.d4 O-O 6.Be2 Nbd7 7.e5 Ne8 8.O-O c5
9.exd6 Nxd6 10.dxc5 Nxc5 11.Be3 Ne6 12.Nd4 Nxc4 13.Bxc4 Nxd4 14.Rc1 Nf5 15.Bc5 b6
16.Ba3 Bb7 17.Qa4 a6 18.Rfd1 Qb8 19.Bd5 Rd8 20.Qe4 Rxd5 21.Nxd5 e6 22.Qxf5 gxf5
23.Nxb6 Bd5 24.Nxa8 Qxa8 25.f3 Be5 26.b3 Qd8 27.h3 h6 28.Rc2 Qg5 29.Kf1 Qg3
30.Bc5 Kh7 31.Re1 Bc6 32.a4 Bd5 33.Bf2 Qh2 34.Bg1 Qf4 35.Be3 Qb4 36.Bf2 Qxb3
37.Rc8 Bh2 38.Rec1 Qd3+ 39.Ke1 Bf4 40.R1c2 Bb3  0-1

[Event "New York MCC"]
[Site "New York"]
[Date "1980.??.??"]
[Round "8"]
[White "Benjamin, Joel"]
[Black "Coudari, Camille"]
[Result "0-1"]
[WhiteElo "2350"]
[BlackElo "2325"]

1.e4 c5 2.Nf3 e6 3.d4 cxd4 4.Nxd4 Nf6 5.Nc3 d6 6.f4 a6 7.Bd3 b5 8.O-O Bb7
9.a3 Nbd7 10.Nf3 Rc8 11.Qe1 Qc7 12.Kh1 Be7 13.Qg3 O-O 14.Qh3 Rfe8 15.Bd2 e5
16.Rae1 Bf8 17.fxe5 dxe5 18.Ng5 g6 19.Nd5 Bxd5 20.exd5 Bg7 21.Nxf7 e4 22.Bf4 Qxf4
23.Rxf4 exd3 24.Rff1 Rxe1 25.Rxe1 d2 26.Rf1 Re8 27.Nd6 Re1 28.Qe6+ Rxe6 29.dxe6 Ne5
30.Rd1 Bh6 31.e7 Neg4 32.Kg1 Bf4 33.e8=Q+ Nxe8 34.Nxe8 Bxh2+ 35.Kf1 Ne3+
36.Ke2 Nxd1 37.Nf6+ Kf7 38.Ng4 Nxb2 39.Kxd2 Bd6 40.Kc3 Nd1+ 41.Kd2 h5  0-1

[Event "New York MCC"]
[Site "New York"]
[Date "1980.??.??"]
[Round "10"]
[White "Benjamin, Joel"]
[Black "Alburt, Lev O"]
[Result "0-1"]
[WhiteElo "2350"]
[BlackElo "2515"]

1.Nf3 Nf6 2.g3 c5 3.Bg2 Nc6 4.O-O d5 5.d3 Bg4 6.Nbd2 e6 7.e4 Be7 8.h3 Bh5
9.c3 O-O 10.Qe2 h6 11.Re1 Qa5 12.Nf1 c4 13.exd5 cxd3 14.Qxd3 Nxd5 15.Ne3 Rad8
16.Qf1 Nxe3 17.Bxe3 Bf6 18.Nd2 Bg6 19.Ne4 Be7 20.b4 Qa4 21.Qc4 Rc8 22.Qb3 Qxb3
23.axb3 a6 24.Red1 Bxe4 25.Bxe4 Bf6 26.Rac1 Rfd8 27.Rxd8+ Rxd8 28.Kf1 Be5
29.Ke2 f5 30.Bg2 Rd7 31.Bc5 Kf7 32.Rc2 Bf6 33.Bxc6 bxc6 34.c4 Be7 35.Ra2 Rb7
36.Ra3 Rb8 37.Kd3 Ra8 38.f4 Bxc5 39.bxc5 e5 40.fxe5 Ke6 41.Kd4 a5 42.Ra2 g5
43.g4 Rd8+ 44.Kc3 f4 45.Rxa5 f3 46.b4 Kxe5 47.b5 Kf4 48.bxc6 Kg3 49.c7 Rc8
50.Kd4 Rxc7 51.Ra3 Rf7 52.c6 Kxh3 53.Ke5 Kxg4 54.Ke6 f2 55.Ra1 f1=Q 56.Rxf1 Rxf1
57.c7 Rf8 58.Ke7 Rh8 59.c5 Kf5 60.c6 Ke5  0-1

[Event "Lone Pine op"]
[Site "Lone Pine"]
[Date "1981.??.??"]
[Round "?"]
[White "Strauss, David J"]
[Black "Benjamin, Joel"]
[Result "0-1"]
[WhiteElo "2420"]
[BlackElo "2400"]

1.Nf3 Nf6 2.c4 c5 3.Nc3 b6 4.g3 Bb7 5.Bg2 e6 6.O-O Be7 7.Re1 d6 8.e4 a6 9.d4 cxd4
10.Nxd4 Qc8 11.b3 Nbd7 12.Bb2 O-O 13.Rc1 Qc7 14.f4 Rad8 15.Kh1 Rfe8 16.f5 Bf8
17.fxe6 fxe6 18.Rc2 Ne5 19.Bh3 Qf7 20.Rf2 d5 21.Nxe6 Rxe6 22.Bxe6 Qxe6 23.Nxd5 Neg4
24.Rff1 Nxe4 25.Qf3 Ngf2+ 26.Kg1 Nh3+ 27.Kg2 Nhg5 28.Qf5 Bxd5 29.cxd5 Qxd5
30.Qxd5+ Rxd5 31.Re2 Nd6 32.h4 Nge4 33.Ba3 Nf6 34.Rc1 a5 35.Bb2 Nfe4 36.Rc7 b5
37.Kh3 h5 38.Rd7 Rf5 39.Re3 Nf2+ 40.Kg2 Ng4 41.Re2 Rf7 42.Rd8 Nf5 43.Bc1 Kh7
44.Ra8 Bb4 45.a3 Bc3 46.Bd2 Bxd2 47.Rxd2 Nfe3+  0-1

[Event "Lone Pine op"]
[Site "Lone Pine"]
[Date "1981.??.??"]
[Round "?"]
[White "Benjamin, Joel"]
[Black "Grefe, John A"]
[Result "1/2-1/2"]
[WhiteElo "2400"]
[BlackElo "2410"]

1.e4 c5 2.Nc3 d6 3.Nf3 Nf6 4.g3 Nc6 5.Bg2 g6 6.O-O Bg7 7.d3 O-O 8.h3 Rb8
9.Be3 b5 10.Qd2 b4 11.Ne2 a5 12.Bh6  1/2-1/2

[Event "Lone Pine op"]
[Site "Lone Pine"]
[Date "1981.??.??"]
[Round "?"]
[White "Benjamin, Joel"]
[Black "Biyiasas, Peter"]
[Result "0-1"]
[WhiteElo "2400"]
[BlackElo "2450"]

1.d4 Nf6 2.c4 g6 3.Nc3 Bg7 4.e4 d6 5.Nf3 O-O 6.Be2 e5 7.O-O Nc6 8.d5 Ne7
9.b4 Nh5 10.c5 Nf4 11.Bxf4 exf4 12.Rc1 Bg4 13.Nd2 Bxe2 14.Qxe2 g5 15.Qh5 Ng6
16.Nf3 h6 17.Nb5 Qd7 18.c6 bxc6 19.Rxc6 Rae8 20.a4 a6 21.Rxa6 Rxe4 22.Rc6 Rxb4
23.Rxc7 Qd8 24.Rfc1 Rxa4 25.h4 gxh4 26.Qg4 Qf6 27.Nc3 Rb4 28.Re1 Qd8 29.Rd7 Qc8
30.Ne4 Rb7 31.Nxh4 Rxd7 32.Nf5 Qd8 33.Qh5 Re8 34.Nxh6+ Bxh6 35.Qxh6 Rxe4
36.Rxe4 Re7 37.Qg5 Qe8 38.Rxf4 Re1+ 39.Kh2 Qe5 40.Qxe5 Rxe5  0-1

[Event "Lone Pine op"]
[Site "Lone Pine"]
[Date "1981.??.??"]
[Round "?"]
[White "De Firmian, Nick E"]
[Black "Benjamin, Joel"]
[Result "1/2-1/2"]
[WhiteElo "2410"]
[BlackElo "2400"]

1.e4 c6 2.d4 d5 3.Nd2 dxe4 4.Nxe4 Nf6 5.Nxf6+ gxf6 6.c3 Bf5 7.Ne2 Nd7 8.Ng3 Bg6
9.h4 h6 10.Be2 Qa5 11.O-O O-O-O 12.Bf4 e5 13.Be3 Nb6 14.h5 Bh7 15.Bd3 Bxd3
16.Qxd3 Rg8 17.Qh7 Bd6 18.Qxf7 exd4 19.Bxd4 Nd5 20.Rad1 Kb8 21.c4 Nf4 22.Be3 Qe5
23.Rfe1 Rxg3 24.fxg3 Nh3+ 25.gxh3 Qxg3+ 26.Kf1 Qxh3+ 27.Ke2 Qg2+ 28.Bf2 Qe4+
29.Kf1 Qh1+ 30.Bg1 Qf3+ 31.Bf2 Qh1+ 32.Ke2 Qe4+ 33.Be3 Qg2+ 34.Bf2  1/2-1/2

[Event "Lone Pine op"]
[Site "Lone Pine"]
[Date "1981.??.??"]
[Round "?"]
[White "Ivanovic, Bozidar"]
[Black "Benjamin, Joel"]
[Result "1-0"]
[WhiteElo "2490"]
[BlackElo "2400"]

1.e4 c6 2.d4 d5 3.Nc3 dxe4 4.Nxe4 Nd7 5.Nf3 Ngf6 6.Nxf6+ Nxf6 7.Ne5 Be6 8.Be2 g6
9.O-O Bg7 10.c4 O-O 11.Be3 Qc7 12.Qa4 Rfd8 13.f4 Ne8 14.Rac1 Bf5 15.Qa3 a6
16.Rfe1 Rac8 17.h3 Nd6 18.g4 Be4 19.Bf2 Bh6 20.Qe3 Re8 21.c5 Bd5 22.Bf3 Bxa2
23.Qa3 Bxf4 24.Qxa2 Bxe5 25.dxe5 Nb5 26.Rcd1 Red8 27.Qc4 Rxd1 28.Bxd1 Rd8
29.Qf4 Qa5 30.Bb3 e6 31.Rf1 Qd2 32.Be3  1-0